| 000 | 00527nam a2200193 a 4500 | ||
|---|---|---|---|
| 005 | 20210223124113.0 | ||
| 008 | 010522s2016 mx r 000 0 spa d | ||
| 020 | _a9789877191073 | ||
| 035 | _aUPN01000106668 | ||
| 049 | _aCG | ||
| 050 | 4 |
_aHV6322.7 _bF4.4 |
|
| 100 | 1 |
_aFeierstein, Daniel, _d1967- _941957 |
|
| 245 | 1 | 0 |
_aIntroducción a los estudios sobre genocidio / _cDaniel Feierstein. |
| 260 |
_aBuenos Aires : _bFCE, _c2016. |
||
| 300 | _a475 p. | ||
| 440 | 0 | _aTezontle | |
| 650 | 4 |
_aGENOCIDIO _98099 |
|
| 905 | _aLibro | ||
| 999 |
_c80580 _d80580 |
||